Normal view MARC view
  • Mathew T.Mason

Entry Personal Name

Number of records used in: 5

001 - CONTROL NUMBER

  • control field: 1991

003 - CONTROL NUMBER IDENTIFIER

  • control field: NUST

005 - DATE AND TIME OF LATEST TRANSACTION

  • control field: 20170606102253.0

008 - FIXED-LENGTH DATA ELEMENTS

  • fixed length control field: 170606|| aca||aabn | a|a d

040 ## - CATALOGING SOURCE

  • Original cataloging agency: NUST
  • Transcribing agency: NUST

100 ## - HEADING--PERSONAL NAME

  • Personal name: Mathew T.Mason

670 ## - SOURCE DATA FOUND

  • Source citation: Work cat.: (NUST)24276: Mathew T.Mason, Robot Hands and the Mechanics of Manipulation, c1985.
© 2023 Central Library, National University of Sciences and Technology. All Rights Reserved.